| 000 | 01549cas a2200289 ab4500 | ||
|---|---|---|---|
| 005 | 20250912202351.0 | ||
| 006 | s|||p|r|||| 00| 0 | ||
| 008 | 991125d19892018pe tr p 000 0 spa d | ||
| 022 | _a2073-0810 | ||
| 035 | _aUPN01000061337 | ||
| 040 |
_aMX-MxUPN _bspa _cMX-MxUPN _eaacr2 |
||
| 049 | _aREV | ||
| 245 | 1 | 3 |
_aLa piragua : _brevista latinoamericana y caribeña de educación y política |
| 260 |
_aLima, Perú _bCEAAL. Consejo de Educación Popular de América Latina y el Caribe, _c1989. |
||
| 310 | _aCuatrimestral | ||
| 505 | 0 | _aRevista que difunde temas relacionados con la educación popular y la identidad colectiva. Existen muchos intentos, referidos a los sectores más variados, que buscan empujar objetivos diversos, mediante distintos matices en la metología. Se propone ser una revista teórica que ayude a la reflexión de lo que se hace y oriente lo que se debe hacer en la educación popular de América Latina. Busca la reflexión que brote desde las experiencias y que retorne a esas prácticas. La piragua. | |
| 506 | _aAcceso abierto | ||
| 530 | _aDisponible también en versión electrónica a partir de 1989 (v.1, no.1), hasta 2018 (no. 45). | ||
| 650 | 2 |
_aEducación popular _99081 |
|
| 650 | 4 |
_aEducación _xInvestigación _94070 |
|
| 653 | 0 | _aPráctica docente | |
| 653 | 0 | _aPolítica educativa | |
| 856 | 1 | _uhttps://biblioteca.isauroarancibia.org.ar/la-piragua-revista-latinoamericana-y-caribena-de-educacion-y-politica-ceaal/ | |
| 902 | _bLeonor Sotres/131023 | ||
| 905 | _aRevista | ||
| 942 | _cISSUE | ||
| 999 |
_c60917 _d60917 |
||